Islam in Africa / (Record no. 20390)

MARC details
000 -LEADER
fixed length control field 00814cam a22002651 4500
001 - CONTROL NUMBER
control field 8920855
003 - CONTROL NUMBER IDENTIFIER
control field BDDh-ASL
005 - DATE AND TIME OF LATEST TRANSACTION
control field 20231015025901.0
008 - FIXED-LENGTH DATA ELEMENTS--GENERAL INFORMATION
fixed length control field 770418s1964 pk abc b 001 0 eng
010 ## - LIBRARY OF CONGRESS CONTROL NUMBER
LC control number sa 64008546
035 ## - SYSTEM CONTROL NUMBER
System control number (OCoLC)2898021
040 ## - CATALOGING SOURCE
Original cataloging agency DLC
Transcribing agency NBuU
Modifying agency DLC
-- BDDh-ASL
042 ## - AUTHENTICATION CODE
Authentication code premarc
050 00 - LIBRARY OF CONGRESS CALL NUMBER
Classification number BP64.A1
Item number B7
082 ## - DEWEY DECIMAL CLASSIFICATION NUMBER
Classification number 297.096
Item number MAI
100 1# - MAIN ENTRY--PERSONAL NAME
Personal name Brelvi, Mahmud,
Dates associated with a name 1908-
245 10 - TITLE STATEMENT
Title Islam in Africa /
Remainder of title Foreword by M. M. Sharif.
Statement of responsibility, etc. Introd. by Ishtiaq Husain Qureshi.
260 ## - PUBLICATION, DISTRIBUTION, ETC.
Place of publication, distribution, etc. Lahore:
Name of publisher, distributor, etc. Institute of Islamic Culture,
Date of publication, distribution, etc. [1964]
300 ## - PHYSICAL DESCRIPTION
Extent xxxvi, 657 p.
Other physical details illus., maps, ports.
Dimensions 25 cm.
504 ## - BIBLIOGRAPHY, ETC. NOTE
Bibliography, etc. note Includes bibliographies.
650 #0 - SUBJECT ADDED ENTRY--TOPICAL TERM
Topical term or geographic name entry element Islam
Geographic subdivision Africa
General subdivision History.
651 #0 - SUBJECT ADDED ENTRY--GEOGRAPHIC NAME
Geographic name Africa
General subdivision History.
906 ## - LOCAL DATA ELEMENT F, LDF (RLIN)
a 7
b cbc
c oclcrpl
d u
e ncip
f 19
g y-gencatlg
942 ## - ADDED ENTRY ELEMENTS (KOHA)
Source of classification or shelving scheme Dewey Decimal Classification
Koha item type Books
Holdings
Withdrawn status Lost status Source of classification or shelving scheme Damaged status Not for loan Collection code Home library Current library Shelving location Date acquired Source of acquisition Total Checkouts Full call number Barcode Date last seen Copy number Price effective from Koha item type Public note
    Dewey Decimal Classification   Not For Loan Non-fiction Asiatic Society Library Asiatic Society Library General Stacks 12/31/2020 ASB Collection   297.096 MAI 103828 12/31/2020 C-1 12/31/2020 Books RARE
    Dewey Decimal Classification   Not For Loan Non-fiction Asiatic Society Library Asiatic Society Library General Stacks 12/31/2020 ASB Collection   297.096 MAI 103829 12/31/2020 C-2 12/31/2020 Books RARE

Powered by Koha